Estéticas y marcas identitarias
שמור ב:
| מחבר ראשי: | |
|---|---|
| פורמט: | ספר |
| שפה: | ספרדית |
| יצא לאור: |
Santiago
Cuarto propio
2005
|
| סדרה: | Nomadias feministas
|
| נושאים: | |
| תגים: |
הוספת תג
אין תגיות, היה/י הראשונ/ה לתייג את הרשומה!
|
MARC
| LEADER | 00000nam a2200000 a 4500 | ||
|---|---|---|---|
| 001 | UCJ2215 | ||
| 003 | CL-VaPUC | ||
| 008 | 061201e20050000CL |||||||||||||||||spa|d | ||
| 082 | 0 | 4 | |a 701.17 |b OYA |2 21 |
| 100 | |a Oyarzún, Kemy |e autora |9 503143 | ||
| 245 | 1 | 0 | |a Estéticas y marcas identitarias |
| 300 | |a 227 p | ||
| 942 | |c BK | ||
| 945 | |d 20061201 00:00:00 |a jtorresc | ||
| 260 | |a Santiago |b Cuarto propio |c 2005 | ||
| 650 | 0 | |a Estética |9 264950 | |
| 583 | |a last modification |c 20061201 00:00:00 |k Rodrigo Vera | ||
| 490 | 0 | |a Nomadias feministas | |
| 999 | |c 318565 |d 318563 | ||
| 952 | |0 0 |1 0 |4 0 |6 701_170000000000000_OYA_2005 |7 0 |8 A |9 396417 |a FDOPOS |b FDOPOS |d 2019-11-22 |i 4302427 |o 701.17 OYA 2005 |p 4302427 |r 2025-01-22 |w 2019-11-22 |y BK |k MLH | ||